000 00341nam a2200145 i 4500
001 bg
100 1 _aFAM, F.
245 0 _aOsobennosti processov mnogokratnogo rassejanija /
_cF. Fam.
260 _aMoskva,
_c1972.
040 _cBPK
041 _apol
080 _a517.98:530.1
942 _cKS
008 s pl f |000 0 pol
999 _c14717
_d14717
856 _uhttp://koha.tu.koszalin.pl/cgi-bin/koha/opac-detail.pl?biblionumber=14717
_yKatalog online BPK